000 00831nam a2200229Ia 4500
003 OSt
005 20221002044046.0
006 a|||||r|||| 00| 0
007 ta
008 220930b |||||||| |||| 00| 0 hin d
020 _a817453279X (hbk)
_c7500
024 _a93464
037 _b425, 24/03/2009, Swaraj Prakashan
_cReference Collections
040 _aCRL
_cCRL
_bhin
041 _2hin
_ahin
082 _aO44k, 152P8.1-.3 (RR)
100 _aगौतम, सुरेश, संपा.
245 0 _aभारतीय साहित्य कोश
260 _aदिल्ली
_b संजय प्रकाशन
_c2008
942 _hO44k, 152P8.1-.3 (RR)
_cref
_2CC
999 _c909552
_d909552